Online
Catalog

The presidency of John F. Kennedy / (Record no. 4030)

MARC details
000 -CABECERA
campo de control de longitud fija 00798cam a2200241 a 4500
001 - NÚMERO DE CONTROL
campo de control 000004216
005 - FECHA Y HORA DE LA ÚLTIMA TRANSACCIÓN
campo de control 20200929151419.0
008 - DATOS DE LONGITUD FIJA--INFORMACIÓN GENERAL
campo de control de longitud fija 961230s1992 nyu 001 1 eng
020 ## - NÚMERO INTERNACIONAL ESTÁNDAR DEL LIBRO
Número Internacional Estándar del Libro 0700605207
040 ## - FUENTE DE LA CATALOGACIÓN
Centro catalogador/agencia de origen DO-SdBNP
Lengua de catalogación spa
Centro/agencia transcriptor BNPHU
082 ## - NÚMERO DE LA CLASIFICACIÓN DECIMAL DEWEY
Número de clasificación 973.922
Número de documento/Ítem K35G
100 1# - ENTRADA PRINCIPAL--NOMBRE DE PERSONA
Nombre de persona Giglio, James N.,
Fechas asociadas al nombre 1939-
9 (RLIN) 12443
245 14 - MENCIÓN DE TÍTULO
Título The presidency of John F. Kennedy /
Mención de responsabilidad, etc. James N. Giglio.
260 ## - PUBLICACIÓN, DISTRIBUCIÓN, ETC.
Lugar de publicación, distribución, etc. Kansa :
Nombre del editor, distribuidor, etc. University Press of Kansas,
Fecha de publicación, distribución, etc. 1992.
300 ## - DESCRIPCIÓN FÍSICA
Extensión 334 p. ;
Dimensiones 23 cm.
440 #0 - MENCIÓN DE SERIE/PUNTO DE ACCESO ADICIONAL--TÍTULO
Título American Presidency Series
9 (RLIN) 12444
504 ## - NOTA DE BIBLIOGRAFÍA, ETC.
Nota de bibliografía, etc. Incluye índice
504 ## - NOTA DE BIBLIOGRAFÍA, ETC.
Nota de bibliografía, etc. Incluye notas e referencias bibliográficas
651 #4 - PUNTO DE ACCESO ADICIONAL DE MATERIA--NOMBRE GEOGRÁFICO
Nombre geográfico Estados Unidos
Subdivisión general Política Y Gobierno
Subdivisión cronológica 1961-1963
9 (RLIN) 12445
600 10 - PUNTO DE ACCESO ADICIONAL DE MATERIA--NOMBRE DE PERSONA
Nombre de persona KENNEDY, JOHN F.,
Fechas asociadas al nombre 1917-1963
Subdivisión general PRESIDENTES
9 (RLIN) 12446
910 ## - DATOS DE OPCIÓN DEL USUARIO (OCLC)
Datos de opción del usuario Catalogación derivada
910 ## - DATOS DE OPCIÓN DEL USUARIO (OCLC)
Datos de opción del usuario WM
Holdings
Estado de retiro Estado de pérdida Restricciones de uso No para préstamo Código de colección Localización permanente Ubicación/localización actual Ubicación en estantería Fecha de adquisición Número de inventario Total de préstamos Signatura topográfica completa Código de barras Fecha visto por última vez Precio válido a partir de Tipo de ítem Koha
    Préstamo interno   Monografías: Libros y Folletos General General Depósito 20.07.2009 LF1   973.922 K35G 4216-10 25.06.2020 25.06.2020 Préstamo interno

Powered by Koha